00398pab a2200133 454500008004000000100001400040245010100054260000900155300001300164362001200177650001800189650001000207773004700217180718b2006 xxu||||| |||| 00| 0 eng d aPai, V.S. aTrends in the Indian banking industry: analyses of inter-regional trends in deposits and credits c2006 ap.65-74. aJan-Aug aBanks - India aBanks aThe Icfaian Journal of Management Research